عرض عادي عرض مارك

دخول Topical Term

عدد التسجيلات المستخدمة: 1

001 - CONTROL NUMBER

  • control field: 190737

003 - CONTROL NUMBER IDENTIFIER

  • control field: OSt

005 - DATE AND TIME OF LATEST TRANSACTION

  • control field: 20170308221310.0

008 - FIXED-LENGTH DATA ELEMENTS

  • fixed length control field: 170308|| aca||aabn | a|a d

040 ## - CATALOGING SOURCE

  • Original cataloging agency: OSt
  • Transcribing agency: OSt

150 ## - HEADING--TOPICAL TERM

  • Topical term or geographic name as entry element: الفقه وأصوله

670 ## - SOURCE DATA FOUND

  • Source citation: Work cat.: (OSt)23608: الحويس، صالح بن سليمان بن حمد 25465, أحكام عقد الحكر في الفقه الإسلامي مقارنا بما عليه العمل في المملكة العربية السعودية/, 1427-1428

جميع الحقوق محفوظة لجامعة المدينة العالمية